000 01953 a2200241 4500
003 UA-OsUOA
005 20260420154405.0
008 260420b un ||||| |||| 00| 0 ukr d
020 _a9668474244
040 _bukr
_cUA-OsUOA
080 _a82.09"19"(477)
090 _a82.09"19"(477)
_bС80
110 _aНаціональна академія наук України
_bІнститут літератури ім. Т. Г. Шевченка
_92397
245 _aСтильові тенденції української літератури ХХ століття
_bзбірник
_cупоряд. Н. М. Шумило
260 _aК.
_bФоліант
_c2004
300 _a284 с.
520 _aУ збірнику висвітлюються стильові проблеми художньої творчостіXX ст. Автори розглядають особливості модернізму, поетичного авангарду, символічної драми в українській літературі, специфіку феномену неокла­сиків, а також індивідуальні стильові системи Павла Тичини, Володимира Винниченка, Гната Хоткевича, Івана Кочерги, Юрія Яновського, Емми Андієвської, Василя Симоненка, Миколи Зарудного. Збірник присвячується пам’яті українського критика й літературо­знавця Володимира Мельника (1941-1997).
650 _a82.09 Літературна критика. Літературні дослідження
_91582
700 1 _aШумило Н. М.
_eупоряд.
_92396
942 _cBK
_2udc
955 _a1
999 _c580428
_d580428